000 00405nam a2200133Ia 4500
008 230917s9999||||xx |||||||||||||| ||und||
040 _e98158
_aMAIN
041 _aEnglish
082 _a309.1 P811U
100 _aPopenoe, David
245 0 _aUrban-industrial frontier: Essays on social trends and institutional goals in modern communities
260 _aNew Jersey
_bPuters University
_c1969
942 _cBK
999 _c155576
_d155576